000 01483nam a2200385 c 4500
999 _c147564
_d147564
003 BLK
005 20250731143525.0
008 180410b bul|||||r ||||||| ||bul||
010 _aKNG00153777000
020 _a978-954-535-703-9
040 _aBLK
041 _aBUL
_cBUL
072 7 _2bullib
_aН62
_xПриложни науки. Техника Н
080 _aМашинна графика
_b004
_z004
100 1 _aКардон, Доминик
_eпърви автор
_9329689
139 _aКардон, Доминик
_bК 39
245 1 0 _aИнтернет демокрацията
_bОбещания и граници
_cДоминик Кардон; прев. от фр. Лидия Димитрова Денкова.
257 _aFRA
260 _bНов бълг. унив.
_c2012
_fСофия : Аскони
300 _a112 с.
_c20 см
380 _a0
490 1 _aКолекция Европа - разбирана и правена
500 _aОриг. загл. La democratie internet / Dominique Cardon.
650 4 _aИнтернет
_9258328
653 _aИнтернет
659 _aН
700 1 _aДенкова, Лидия Димитрова
_eпрев. от фр.
_9364273
852 _aЦб 266712
856 4 _qpdf
856 4 _qpdf
942 _cKNG
_n0
_s1
_03
944 _aCR
_c26.11.2013
_lЦветомила Тодорова
_k30576
944 _aED
_c09.04.2015
_lф /
_kЛюдмила_Стоянова
999 _d147564